Word Ladder: 4-Letters Ending in D Quiz Stats

 Plays Quiz not verified by Sporcle

Challenge
Share
Tweet
Embed
Score 0/20 Timer 04:00
0 Plays Today
Clue 4-Letter Word % Correct
Not badGOOD
100%
Precious metalGOLD
97.9%
NourishmentFOOD
97.9%
Without hairBALD
95.8%
Construction materialWOOD
93.8%
Emphasis in typeBOLD
93.8%
Not easyHARD
93.8%
Part of laundryFOLD
91.7%
FlockHERD
91.7%
NogginHEAD
91.7%
Clue 4-Letter Word % Correct
RequireNEED
89.6%
GeekNERD
89.6%
Basement ProblemMOLD
83.3%
PromiseWORD
81.3%
Whimsical musicianBARD
81.3%
Fend offWARD
79.2%
FuseMELD
68.8%
RewardMEED
64.6%
Front or backYARD
41.7%
Slang for yesYERD
39.6%

You're not logged in!

Compare scores with friends on all Sporcle quizzes.
OR
Log In

You Might Also Like...

Show Comments

Extras

Created Aug 11, 2015ReportNominate
Tags:Word Ladder Quiz

Top Quizzes Today


Score Distribution

Your Account Isn't Verified!

In order to create a playlist on Sporcle, you need to verify the email address you used during registration. Go to your Sporcle Settings to finish the process.

Report this User

Report this user for behavior that violates our Community Guidelines.

Details: